Thiết kế đường ô tô

Nội dung: ở tập này giới thiệu những cơ sở lí luận và các phương pháp tính toán thiết kế nền đường, mặt đường, hệ thống các công trình thoát nước trên đường ô tô.

Sparad:
Bibliografiska uppgifter
Huvudupphovsman: Dương, Học Hải
Materialtyp: Bok
Språk:Undetermined
Publicerad: Hà Nội Giáo dục Việt Nam 2010
Ämnen:
Taggar: Lägg till en tagg
Inga taggar, Lägg till första taggen!
Thư viện lưu trữ: Trung tâm Học liệu Trường Đại học Cần Thơ
LEADER 00970nam a2200217Ia 4500
001 CTU_198462
008 210402s9999 xx 000 0 und d
020 |c 43000 
082 |a 625.725 
082 |b H103/T.2 
100 |a Dương, Học Hải 
245 0 |a Thiết kế đường ô tô 
245 0 |c Dương Học Hải , Nguyễn Xuân Trục 
260 |a Hà Nội 
260 |b Giáo dục Việt Nam 
260 |c 2010 
520 |a Nội dung: ở tập này giới thiệu những cơ sở lí luận và các phương pháp tính toán thiết kế nền đường, mặt đường, hệ thống các công trình thoát nước trên đường ô tô. 
650 |a Roads,Đường 
650 |x Design and construction,Cấu trúc và thiết kế 
904 |i Phan Thông Thuỵ Quân (Tuyền) 
980 |a Trung tâm Học liệu Trường Đại học Cần Thơ